| 000 | 00580nam a22002057a 4500 | ||
|---|---|---|---|
| 003 | BUBTL | ||
| 008 | 210316b xxu||||| |||| 00| 0 eng d | ||
| 020 | _a90-247-3199-2 | ||
| 082 | _a341.6'7/PID | ||
| 100 |
_aPictet, Jean _94049 |
||
| 245 |
_aDevelopment and Principles of International Humanitarian Low _bJean Pictet |
||
| 250 | _a1st | ||
| 260 |
_aGeneva _bMartinus Nijhoff Publications _cc1985 |
||
| 300 |
_a99p . : _b22cm. |
||
| 650 |
_aLaw _94050 |
||
| 700 |
_aJean Pictet _94051 |
||
| 856 |
_k0 _l0 _yDownload |
||
| 942 |
_2ddc _cBK |
||
| 999 |
_c6484 _d6484 |
||